000 00791cam a2200253 a 4500
999 _c127972
_d127972
001 480241
003 ARRUPE
005 20180424150546.0
008 840914s1985 ilub b 000 0 eng
010 _a 84021788
020 _a0829404600 (pbk.)
040 _aDLC
_cDLC
_dDLC
043 _af-nr---
050 0 0 _aDT515.45.I33
_bE34 1985
082 0 0 _a110/.89963
_219
100 1 _aEdeh, Emmanuel M. P.
_941623
245 1 0 _aTowards an Igbo metaphysics /
_cEmmanuel M.P. Edeh.
260 _aChicago :
_bLoyola University Press,
_cc1985.
300 _ax, 182 p. :
_bmaps ;
_c23 cm.
504 _aBibliography: p. 179-182.
650 0 _aPhilosophy, Igbo.
_941624
650 0 _aIgbo (African people)
_937111
906 _a7
_bcbu
_corignew
_d1
_eocip
_f19
_gy-gencatlg
942 _2lcc
_cMONOGRAPH